000 02599nam a22002897a 4500
005 20220428153746.0
008 220428b ||||| |||| 00| 0 eng d
020 _a8170189748
040 _cAloy
041 _aeng
082 _223
_a954
_bMAHG
100 _aMahadevan K...[et.al] Ed
_932756
245 _aGlory of Indian heritage
260 _aDelhi
_bB R Publishing Coroporation
_c1998
300 _axiv,471p.
_bHB
_c22x14cm
365 _2History
520 _aThe book The Glory of Indian Heritage is a collection of essays which aims at presenting perspectives of different aspects of Indian culture and development. It has essays on Indian classical music and dance, painting, Ayurveda and yoga which are traditional and indigenous system of health, physical fitness, and physical and mental well-being, astrology, language, philosophy, recent advances made by India in socio-economic development, and excellence achieved by Indian in the different branches of science and social sciences. It also includes profiles of selected eminent personalities of our time. It goes without saying that to try to present in a volume of moderate size, a holistic perspective of India which has at least 5,000 years of documented history, is to attempt the impossible. However, the themes chosen for the present volume are exprected to be of interest to the general reader who would like to have authentic information about India of today. The papers in this volume are written by scholars who are experts in their respective fields. The objective of this book is to make it interesting as well as tractable to the reader. The different papers serve as introductions, though limited, to the selected themes to those readers in particular who are not sufficiently familiar with the Indian scene. Has India of this century lived up to its great inheritance? The different essays in the present book provide in part the answer. It may be said here that India has achieved several distinctions in the different branches of science, philosophy, literature, fine arts etc., of which one could be justly proud. It is hoped that this book will be welcomed by the general readers as also scholars who are interested in the Indian heritage.
650 _aCulture of India
_932748
650 _aEminent Personalities
_932749
650 _aMinorities in India
_932750
650 _aAstrology in India
_932751
700 _aMAHADEVAN (K) Ed
_932752
700 _aKUTTY (V K Madhavan) Ed
_932753
700 _aRAMACHANDRAN (Kiran N) Ed
_932754
700 _aOUSEPARAMPIL (Joseph) Ed
_932755
942 _2ddc
_cGF
999 _c222709
_d222709